[Event "Third Sat 109 IM2 2019"]
[Site "Novi Sad SRB"]
[Date "2019.02.07"]
[Round "1.5"]
[White "Jovanovic,Boj2"]
[Black "Sredojevic,I"]
[Result "1-0"]
[BlackElo "2282"]
[BlackFideId "929310"]
[BlackTitle "IM"]
[EventDate "2019.02.07"]
[WhiteElo "2270"]
[WhiteFideId "900710"]
[WhiteTitle "FM"]

1. e4 c5 2. b3 Nc6 3. Bb2 e6 4. Nf3 a6 5. d4 cxd4 6. Nxd4 Qc7 7. g3 d6
8. Bg2 Bd7 9. O-O Nf6 10. c4 Be7 11. Nc3 Rc8 12. Rc1 O-O 13. Nd5 exd5
14. cxd5 Qb6 15. dxc6 bxc6 16. Qd2 Rfe8 17. Rfe1 c5 18. Nf5 Bxf5 19. exf5 a5
20. Rxe7 Rxe7 21. Bxf6 gxf6 22. Rc4 d5 23. Rh4 Rce8 24. h3 Re1+ 25. Kh2 R1e4
26. Bxe4 Rxe4 27. Rxe4 dxe4 28. Qe1 Qb4 29. Qxb4 cxb4 30. g4 h5 31. Kg3 Kg7
32. Kf4 Kh6 33. Kxe4 Kg5 34. f4+ Kh4 35. Kf3
1-0

[Event "Third Sat 108 Mix za norm"]
[Site "Novi Sad SRB"]
[Date "2019.02.14"]
[Round "5.6"]
[White "Nie,Xinyang"]
[Black "Zuo,Yifan"]
[Result "1-0"]
[BlackElo "2318"]
[BlackFideId "8614610"]
[BlackTitle "CM"]
[EventDate "2019.02.12"]
[WhiteElo "2346"]
[WhiteFideId "8607222"]

1. e4 c5 2. b3 Nc6 3. Bb2 d6 4. Bb5 Bd7 5. f4 a6 6. Bxc6 Bxc6 7. Nc3 Nf6
8. Qe2 e6 9. Nf3 Be7 10. O-O-O b5 11. e5 b4 12. exf6 bxc3 13. fxe7 cxb2+
14. Kb1 Qxe7 15. d4 Bxf3 16. Qxf3 O-O 17. dxc5 dxc5 18. f5 a5 19. Rhe1 a4
20. bxa4 Rxa4 21. fxe6 fxe6 22. Qc6 Ra7 23. Rxe6 Qb7 24. Qxb7 Rxb7 25. Red6 Rbb8
26. c3 h6 27. R6d2 c4 28. Rg1 Ra8 29. Rxb2 Ra3 30. Rc1 Rd8 31. Re2 Rb8+
32. Ka1 Rbb3 33. Re4 Rxc3 34. Rxc3 Rxc3 35. Kb2 Rd3 36. Rxc4 Kf7 37. Rc3 Rd2+
38. Rc2 Rd3 39. Re2 g5 40. a4 Kf6 41. Kb1 Rd1+ 42. Kc2 Rh1 43. Kb3 Rxh2
44. a5 Rh1 45. a6 Ra1 46. Ra2 Rb1+ 47. Kc4 Rb8 48. a7 Ra8 49. Kb5 Kf5
50. Kb6 Kf4 51. Ra3 h5 52. Kb7 Rh8 53. a8=Q Rxa8 54. Kxa8 h4 55. Kb7 g4
56. Kc6 g3 57. Rf3+
1-0

[Event "3rd LBHM All India Rated "]
[Site "Pune IND"]
[Date "2019.04.30"]
[Round "4.7"]
[White "Gusain,H"]
[Black "Yadav Prem Gopal"]
[Result "1-0"]
[WhiteTitle "IM"]
[WhiteElo "2392"]
[BlackElo "1858"]
[WhiteFideId "5033861"]
[BlackFideId "45055890"]
[EventDate "2019.04.29"]

1. e4 c5 2. b3 Nc6 3. Bb2 e5 4. Bc4 g6 5. f4 Bg7 6. Nf3 Nh6 7. h3 O-O 8. fxe5
Nxe5 9. Nxe5 d6 10. Qf3 Bxe5 11. Bxe5 dxe5 12. Nc3 Be6 13. Bd5 Rb8 14. O-O-O Qg5
15. Qf2 Qe7 16. g4 b5 17. Qe3 Kg7 18. g5 Ng8 19. h4 c4 20. h5 b4 21. Ne2 cxb3
22. axb3 Rfc8 23. hxg6 hxg6 24. d4 Qc7 25. Qd3 Bxd5 26. exd5 e4 27. Qxe4 Re8 28.
Qf3 Rbc8 29. Rd2 a5 30. Nf4 a4 31. Rdh2 Qd6 32. Rh7+ Kf8 33. Rxf7+ 1-0

[Event "3rd Cristina Foisor Rapid"]
[Site "Satu Mare ROU"]
[Date "2020.01.18"]
[Round "7.3"]
[White "Dragomirescu,R"]
[Black "Rusan,P"]
[Result "1-0"]
[BlackElo "2106"]
[BlackFideId "1209191"]
[BlackTitle "FM"]
[EventDate "2020.01.18"]
[WhiteElo "2337"]
[WhiteFideId "1213849"]
[WhiteTitle "IM"]

1. e4 c5 2. b3 Nc6 3. Bb2 e5 4. Bc4 Nf6 5. Nc3 d6 6. Nge2 Be7 7. O-O O-O
8. f4 a6 9. a4 Bg4 10. h3 Bxe2 11. Qxe2 Nd4 12. Qd3 exf4 13. Nd5 Nc6
14. Rxf4 Ne5 15. Qe2 Rb8 16. a5 Nxd5 17. Bxd5 Bg5 18. Rf5 g6 19. Rff1 Bf6
20. Bc3 Nd7 21. Qc4 Qe7 22. Rf2 Bxc3 23. Qxc3 Qe5 24. Qxe5 Nxe5 25. Raf1 b5
26. Rf6 Rbd8 27. Bb7 Rfe8 28. Bxa6 b4 29. Bb7 Nd7 30. Rxd6 Ne5 31. Rxd8 Rxd8
32. a6 Nd7 33. a7 Nb6 34. d3 Kg7 35. Ra1 Na8 36. Ra6 Kg8 37. Rc6 Kg7
38. Rc8 Rxc8 39. Bxc8 Kf6 40. Bb7 Nb6 41. a8=Q Nxa8 42. Bxa8 Ke5 43. Kf2 Kd4
44. Ke2 Kc3 45. Bd5 f6 46. Kd1 g5 47. Be6 h6 48. Bc8 h5 49. Bf5 h4 50. Bg4
1-0

[Event "2020-charlotte-thanksgiving-im"]
[White "Paciorkowski, Lev"]
[Black "Martin Del Campo C., Roberto"]
[WhiteFideId "30904625"]
[BlackFideId "5100046"]
[WhiteElo "2249"]
[BlackElo "2311"]
[Result "1/2-1/2"]
[Round "06"]
[Date "Sat Nov 28 2020"]
[WhiteClock "0:00:05"]
[BlackClock "0:00:00"]


1. e4 {[%clk 14:15:08]}  c5 {[%clk 0:00:23]} 2. b3 {[%clk 0:00:03]}  Nc6 {[%clk 0:00:54]} 3. Bb2 {[%clk 0:00:09]}  e5 {[%clk 0:00:37]} 4. Bc4 {[%clk 0:00:24]}  Nf6 {[%clk 0:01:24]} 5. Nf3 {[%clk 0:02:26]}  Qc7 {[%clk 0:01:46]} 6. Nc3 {[%clk 0:00:42]}  d6 {[%clk 0:02:24]} 7. O-O {[%clk 0:04:21]}  Be7 {[%clk 0:03:47]} 8. Re1 {[%clk 0:12:29]}  O-O {[%clk 0:02:29]} 9. h3 {[%clk 0:00:20]}  a6 {[%clk 0:00:27]} 10. a4 {[%clk 0:00:12]}  Be6 {[%clk 0:02:21]} 11. Nh2 {[%clk 0:03:04]}  Qd7 {[%clk 0:03:58]} 12. Nf1 {[%clk 0:03:17]}  Nd4 {[%clk 0:04:22]} 13. a5 {[%clk 0:05:35]}  Bd8 {[%clk 0:06:31]} 14. Nd5 {[%clk 0:03:24]}  Nxd5 {[%clk 0:04:57]} 15. exd5 {[%clk 0:01:24]}  Bf5 {[%clk 0:00:16]} 16. Ne3 {[%clk 0:02:13]}  Bg6 {[%clk 0:00:24]} 17. c3 {[%clk 0:02:08]}  Nb5 {[%clk 0:00:32]} 18. Be2 {[%clk 0:07:31]}  f5 {[%clk 0:01:21]} 19. d3 {[%clk 0:01:51]}  Qf7 {[%clk 0:03:05]} 20. c4 {[%clk 0:02:34]}  Nd4 {[%clk 0:03:40]} 21. Bxd4 {[%clk 0:00:09]}  cxd4 {[%clk 0:00:33]} 22. Nf1 {[%clk 0:00:37]}  b6 {[%clk 0:00:33]} 23. b4 {[%clk 0:00:06]}  bxa5 {[%clk 0:00:24]} 24. bxa5 {[%clk 0:00:06]}  Bc7 {[%clk 0:11:32]} 25. Qd2 {[%clk 0:01:59]}  Rfb8 {[%clk 0:02:57]} 26. Reb1 {[%clk 0:01:22]}  Qe8 {[%clk 0:02:05]} 27. Qa2 {[%clk 0:05:54]}  Rxb1 {[%clk 0:04:40]} 28. Rxb1 {[%clk 0:06:14]}  Rb8 {[%clk 0:00:29]} 29. Ra1 {[%clk 0:02:17]}  Rb4 {[%clk 0:03:17]} 30. Bf3 {[%clk 0:00:00]}  Bf7 {[%clk 0:00:00]} 31. g4 {[%clk 0:00:05]} 1/2-1/2

[Event "2020-european-womens-club-cup-online"]
[White "Nandhidhaa, P V"]
[Black "Sliwicka, Alicja"]
[WhiteFideId "5050847"]
[BlackFideId "1150677"]
[WhiteElo "2365"]
[BlackElo "2311"]
[Result "1-0"]
[Round "08"]
[Date "Tue Dec 22 2020"]
[WhiteClock "0:13:58"]
[BlackClock "0:13:03"]


1. b3 {[%clk 0:15:05]}  c5 {[%clk 0:14:58]} 2. e4 {[%clk 0:15:01]}  Nc6 {[%clk 0:14:53]} 3. Bb2 {[%clk 0:15:03]}  d6 {[%clk 0:14:47]} 4. Nc3 {[%clk 0:15:06]}  Nf6 {[%clk 0:14:44]} 5. Bb5 {[%clk 0:14:37]}  Bd7 {[%clk 0:14:41]} 6. f4 {[%clk 0:14:22]}  a6 {[%clk 0:14:32]} 7. Bxc6 {[%clk 0:14:24]}  Bxc6 {[%clk 0:14:36]} 8. Qe2 {[%clk 0:14:24]}  e6 {[%clk 0:14:16]} 9. Nf3 {[%clk 0:14:22]}  Be7 {[%clk 0:14:11]} 10. e5 {[%clk 0:13:59]}  dxe5 {[%clk 0:13:27]} 11. Nxe5 {[%clk 0:13:58]}  Qc7 {[%clk 0:13:03]} 1-0

[Event "2021-iran-men-chess-championship"]
[White "Nikookar, Mahdi"]
[Black "Samimi, Armin"]
[WhiteFideId "22552987"]
[BlackFideId "42524164"]
[WhiteElo "2239"]
[BlackElo "1517"]
[Result "1-0"]
[Round "04"]
[Date "Tue Mar 16 2021"]
[WhiteClock "0:03:32"]
[BlackClock "0:01:06"]


1. e4 {[%clk 0:14:52]}  c5 {[%clk 0:15:01]} 2. b3 {[%clk 0:13:21]}  Nc6 {[%clk 0:14:54]} 3. Bb2 {[%clk 0:13:23]}  d6 {[%clk 0:14:49]} 4. Bb5 {[%clk 0:13:20]}  Bd7 {[%clk 0:14:45]} 5. f4 {[%clk 0:12:20]}  e6 {[%clk 0:14:30]} 6. Nf3 {[%clk 0:12:16]}  Nf6 {[%clk 0:14:17]} 7. d3 {[%clk 0:11:01]}  Qa5+ {[%clk 0:13:15]} 8. Nc3 {[%clk 0:11:02]}  Be7 {[%clk 0:12:46]} 9. O-O {[%clk 0:10:59]}  O-O {[%clk 0:12:14]} 10. Bxc6 {[%clk 0:10:19]}  Bxc6 {[%clk 0:11:30]} 11. Qe1 {[%clk 0:09:40]}  Qb6 {[%clk 0:10:47]} 12. Kh1 {[%clk 0:09:39]}  Rfe8 {[%clk 0:10:26]} 13. Qg3 {[%clk 0:09:38]}  Bf8 {[%clk 0:09:16]} 14. Rae1 {[%clk 0:09:21]}  d5 {[%clk 0:08:39]} 15. Ne5 {[%clk 0:08:34]}  Qc7 {[%clk 0:05:43]} 16. Nxc6 {[%clk 0:07:50]}  bxc6 {[%clk 0:05:29]} 17. e5 {[%clk 0:07:47]}  Nh5 {[%clk 0:05:23]} 18. Qh3 {[%clk 0:07:33]}  g6 {[%clk 0:05:22]} 19. g4 {[%clk 0:07:31]}  Ng7 {[%clk 0:05:21]} 20. f5 {[%clk 0:07:24]}  exf5 {[%clk 0:04:39]} 21. gxf5 {[%clk 0:07:27]}  Qd7 {[%clk 0:04:06]} 22. e6 {[%clk 0:06:42]}  fxe6 {[%clk 0:02:46]} 23. fxg6 {[%clk 0:06:39]}  hxg6 {[%clk 0:02:44]} 24. Rg1 {[%clk 0:06:40]}  Qf7 {[%clk 0:01:45]} 25. Ref1 {[%clk 0:06:41]}  Nf5 {[%clk 0:01:40]} 26. Ne4 {[%clk 0:06:34]}  d4 {[%clk 0:01:18]} 27. Qh5 {[%clk 0:05:17]}  Bg7 {[%clk 0:01:16]} 28. Rxg6 {[%clk 0:05:12]}  Rf8 {[%clk 0:01:08]} 29. Rfg1 {[%clk 0:04:25]}  Ne7 {[%clk 0:01:06]} 30. Rxg7+ {[%clk 0:04:06]}  Qxg7 {[%clk 0:01:10]} 31. Rxg7+ {[%clk 0:03:36]}  Kxg7 {[%clk 0:01:13]} 32. Qxc5 {[%clk 0:03:35]}  Nd5 {[%clk 0:01:07]} 33. Qxd4+ {[%clk 0:03:34]}  Kf7 {[%clk 0:01:07]} 34. c4 {[%clk 0:03:29]}  Nf4 {[%clk 0:01:02]} 35. Qd7+ {[%clk 0:03:30]}  Kg6 {[%clk 0:01:04]} 36. Qg7+ {[%clk 0:03:29]}  Kf5 {[%clk 0:01:06]} 37. Qg5# {[%clk 0:03:32]} 1-0

[Event "Indian FIDE World Cup Qualifer 2021"]
[White "Nitin, S."]
[Black "Aditya, Mittal"]
[WhiteFideId "5018277"]
[BlackFideId "35042025"]
[WhiteElo "2381"]
[BlackElo "2438"]
[Result "1-0"]
[Round "04"]
[TimeControl "5400+30"]
[Date "Thu May 27 2021"]
[WhiteClock "0:12:07"]
[BlackClock "0:07:12"]

1. e4 {[%clk 0:15:06]}  c5 {[%clk 0:15:07]} 2. b3 {[%clk 0:15:11]}  Nc6 {[%clk 0:14:45]} 3. Bb2 {[%clk 0:15:17]}  d6 {[%clk 0:14:54]} 4. Bb5 {[%clk 0:15:19]}  Bd7 {[%clk 0:15:00]} 5. f4 {[%clk 0:15:26]}  a6 {[%clk 0:13:28]} 6. Bxc6 {[%clk 0:15:31]}  Bxc6 {[%clk 0:13:37]} 7. Nc3 {[%clk 0:15:36]}  Nf6 {[%clk 0:13:23]} 8. Qe2 {[%clk 0:15:42]}  e6 {[%clk 0:12:46]} 9. Nf3 {[%clk 0:15:47]}  b5 {[%clk 0:11:00]} 10. e5 {[%clk 0:15:07]}  Nd7 {[%clk 0:08:09]} 11. exd6 {[%clk 0:13:45]}  Bxd6 {[%clk 0:08:16]} 12. Ne4 {[%clk 0:12:27]}  Bxf4 {[%clk 0:08:08]} 13. Bxg7 {[%clk 0:12:13]}  Rg8 {[%clk 0:08:16]} 14. Bb2 {[%clk 0:12:07]}  Qe7 {[%clk 0:07:12]} 1-0

[Event "Women's Speed Chess Championship - Qualifier 2 2021"]
[White "Osmak, Iulija"]
[Black "Eswaran, Ashritha"]
[WhiteFideId "14101602"]
[BlackFideId "2080788"]
[WhiteElo "2149"]
[BlackElo "2478"]
[Result "0-1"]
[Round "13"]
[TimeControl "180+1"]
[Date "Sat May 29 2021"]
[WhiteClock "0:00:03"]
[BlackClock "0:00:14"]

1. e4 {[%clk 0:03:00]}  c5 {[%clk 0:02:57]} 2. b3 {[%clk 0:03:00]}  Nc6 {[%clk 0:02:54]} 3. Bb2 {[%clk 0:03:01]}  e6 {[%clk 0:02:52]} 4. f4 {[%clk 0:02:56]}  d5 {[%clk 0:02:52]} 5. e5 {[%clk 0:02:56]}  d4 {[%clk 0:02:52]} 6. g3 {[%clk 0:02:55]}  h5 {[%clk 0:02:48]} 7. Nf3 {[%clk 0:02:52]}  h4 {[%clk 0:02:45]} 8. Bg2 {[%clk 0:02:46]}  hxg3 {[%clk 0:02:44]} 9. hxg3 {[%clk 0:02:45]}  Rxh1+ {[%clk 0:02:42]} 10. Bxh1 {[%clk 0:02:46]}  Nh6 {[%clk 0:02:37]} 11. Qe2 {[%clk 0:02:38]}  Bd7 {[%clk 0:02:37]} 12. Na3 {[%clk 0:02:37]}  a6 {[%clk 0:02:30]} 13. O-O-O {[%clk 0:02:31]}  b5 {[%clk 0:02:25]} 14. c3 {[%clk 0:02:29]}  Qa5 {[%clk 0:02:19]} 15. Kb1 {[%clk 0:02:25]}  c4 {[%clk 0:02:12]} 16. b4 {[%clk 0:02:21]}  d3 {[%clk 0:02:01]} 17. bxa5 {[%clk 0:02:16]}  dxe2 {[%clk 0:02:01]} 18. Re1 {[%clk 0:02:17]}  Nf5 {[%clk 0:01:53]} 19. g4 {[%clk 0:02:08]}  Ng3 {[%clk 0:01:49]} 20. Bg2 {[%clk 0:02:05]}  Bc5 {[%clk 0:01:48]} 21. Nd4 {[%clk 0:02:03]}  b4 {[%clk 0:01:41]} 22. Nac2 {[%clk 0:01:47]}  b3 {[%clk 0:01:38]} 23. axb3 {[%clk 0:01:46]}  cxb3 {[%clk 0:01:36]} 24. Nxb3 {[%clk 0:01:32]}  Bf2 {[%clk 0:01:30]} 25. Rc1 {[%clk 0:01:32]}  Rb8 {[%clk 0:01:28]} 26. Ka2 {[%clk 0:01:20]}  Rb5 {[%clk 0:01:19]} 27. Bf3 {[%clk 0:01:09]}  Nxa5 {[%clk 0:01:16]} 28. Nxa5 {[%clk 0:01:06]}  Rxa5+ {[%clk 0:01:17]} 29. Ba3 {[%clk 0:01:03]}  Ba4 {[%clk 0:01:12]} 30. Ne1 {[%clk 0:01:02]}  Bd1 {[%clk 0:01:05]} 31. Nd3 {[%clk 0:01:00]}  Bb6 {[%clk 0:00:53]} 32. Rxd1 {[%clk 0:00:43]}  exd1=Q {[%clk 0:00:52]} 33. Bxd1 {[%clk 0:00:44]}  Rd5 {[%clk 0:00:47]} 34. Bc2 {[%clk 0:00:43]}  Ne2 {[%clk 0:00:43]} 35. Bd6 {[%clk 0:00:33]}  Rxd3 {[%clk 0:00:37]} 36. Bxd3 {[%clk 0:00:32]}  Nc1+ {[%clk 0:00:38]} 37. Ka3 {[%clk 0:00:28]}  Nxd3 {[%clk 0:00:38]} 38. f5 {[%clk 0:00:27]}  exf5 {[%clk 0:00:34]} 39. gxf5 {[%clk 0:00:28]}  g6 {[%clk 0:00:32]} 40. fxg6 {[%clk 0:00:22]}  fxg6 {[%clk 0:00:33]} 41. Kb3 {[%clk 0:00:22]}  a5 {[%clk 0:00:30]} 42. Kc4 {[%clk 0:00:17]}  Nf4 {[%clk 0:00:30]} 43. Kb5 {[%clk 0:00:17]}  Bf2 {[%clk 0:00:26]} 44. Kxa5 {[%clk 0:00:16]}  Be1 {[%clk 0:00:24]} 45. Kb5 {[%clk 0:00:12]}  Bxd2 {[%clk 0:00:24]} 46. c4 {[%clk 0:00:13]}  g5 {[%clk 0:00:20]} 47. c5 {[%clk 0:00:12]}  Ne6 {[%clk 0:00:18]} 48. c6 {[%clk 0:00:12]}  Kd8 {[%clk 0:00:17]} 49. Kb6 {[%clk 0:00:08]}  g4 {[%clk 0:00:15]} 50. Kb7 {[%clk 0:00:07]}  g3 {[%clk 0:00:14]} 51. c7+ {[%clk 0:00:08]}  Nxc7 {[%clk 0:00:14]} 52. Bxc7+ {[%clk 0:00:09]}  Ke7 {[%clk 0:00:14]} 53. Bb6 {[%clk 0:00:08]}  Be1 {[%clk 0:00:14]} 54. Bc5+ {[%clk 0:00:05]}  Ke6 {[%clk 0:00:14]} 55. Kc6 {[%clk 0:00:03]}  Bf2 {[%clk 0:00:14]} 0-1